Statistics for Game of Thrones Character Nicknames

Click here to take the quiz!

General Stats

  • This quiz has been taken 751 times
  • The average score is 21 of 26

Answer Stats

HintAnswer% Correct
'Bastard'Jon Snow
99%
NedEddard Stark
97%
The ImpTyrion Lannister
96%
King in the NorthRobb Stark
95%
'Cripple'Bran Stark
94%
KingslayerJaime Lannister
94%
CatCatelyn Stark
93%
ReekTheon Greyjoy
91%
The SpiderVarys
91%
JoffJoffrey Baratheon
90%
LittlefingerPetyr Baelish
90%
The HoundSandor Clegane
90%
The Mountain That RidesGregor Clegane
88%
KhaleesiDaenerys Stormborn Targaryen
86%
Knight of the FlowersLoras Tyrell
83%
The Onion KnightDavos Seaworth
80%
The Red ViperOberyn Martell
78%
Alayne StoneSansa Stark
69%
The Great RiderKhal Drogo
67%
The Queen of ThornesOlenna Tyrell
67%
Oberyn's DaughtersSand Snakes
67%
The Old BearJeor Mormont
63%
Lord Piggy / SlayerSamwell Tarly
60%
UnderfootArya Stark
59%
"The Beauty"Brienne of Tarth
49%
"The Bold"Barristan Selmy
41%

Score Distribution

Percentile by Number Answered

Percent of People with Each Score

Your Score History

You have not taken this quiz